header

Addressing the HIV/AIDS pandemic (Record no. 48283)

MARC details
000 -LEADER
fixed length control field 01012nam a2200241Ia 4500
245 00 - TITLE STATEMENT
Title Addressing the HIV/AIDS pandemic
260 ## - PUBLICATION, DISTRIBUTION, ETC. (IMPRINT)
Place of publication New York, NY :
Name of publisher Council on Foreign Relations Press :
-- Milbank Memorial Fund,
Year of publication c2004.
300 ## - PHYSICAL DESCRIPTION
Number of Pages v, 32 p. :
Other physical details ill.
650 #0 - SUBJECT ADDED ENTRY--TOPICAL TERM
Topical Term AIDS (Disease)
Topical Term International relations.
856 40 - ELECTRONIC LOCATION AND ACCESS
Uniform Resource Identifier http://site.ebrary.com/lib/rucke/Doc?id=10064792

No items available.

© 2026 Rongo University
Contact us: librarian | system librarian | Rongo university